000 00664nam a22001337a 4500
040 _cRUA
082 _aVEM POU 2024 B1-330 Or.
100 _aPOUL PHEAKDEY,ពូល ភក្តី
245 _aGASTROINTESTINAL PARASITES OF CATTLE IN CHEUNG PHNOM COMMUNE, BA PHNOM DISTRICT, PREY VENG PROVINCE,បរាសិតក្នុងក្រពះពោះវៀនគោ នៅឃុំជើងភ្នំ ស្រុកបាភ្នំ ខេត្តព្រៃវែង
260 _aphnom penh
_brua
_c2024
300 _aviii.41p.
_bill.
_c29cm.
856 _uhttps://drive.google.com/file/d/10ZXUa_vZg2A9Vab_WB_bQBfS26gTMROb/view?usp=sharing
942 _cVEM
999 _c24754
_d24754